The electronic structure and chemistry of solids /

Bibliographic Details
Main Author: Cox, P. A.
Format: Book
Language:English
Published: Oxford [Oxfordshire] ; New York : Oxford University Press, 1987.
Series:Oxford science publications.
Subjects:

MARC

Tag First Indicator Second Indicator Subfields
LEADER 00000cam a2200000 a 4500
001 in00000013860
005 20151007052441.0
008 860829s1987 enka b 00110 eng
010 |a  86023462  
020 |a 0198552041 (pbk.) :  |c $22.50 
020 |a 019855205X :  |c $45.00 (hard) 
035 |a (OCoLC)14213060 
035 |9 AAA7831AM 
040 |a DLC  |c DLC  |d TXA  |d UtOrBLW 
049 |a TXAM  |c [A11487466] 
050 0 0 |a QD478  |b .C69 1987 
082 0 |a 541/.042  |2 19 
100 1 |a Cox, P. A. 
245 1 4 |a The electronic structure and chemistry of solids /  |c P.A. Cox. 
264 1 |a Oxford [Oxfordshire] ;  |a New York :  |b Oxford University Press,  |c 1987. 
300 |a xi, 259 pages :  |b illustrations ;  |c 24 cm. 
336 |a text  |b txt  |2 rdacontent 
337 |a unmediated  |b n  |2 rdamedia 
338 |a volume  |b nc  |2 rdacarrier 
490 1 |a Oxford science publications 
504 |a Includes bibliographies and indexes. 
650 0 |a Solid state chemistry. 
830 0 |a Oxford science publications. 
999 |a MARS 
999 f f |s 2d2cee8a-d1de-357f-89ec-6058c153ae59  |i 1405f2e5-dbc8-3072-a6f9-4dbf26020904  |t 0 
952 f f |p normal  |a Texas A&M University  |b College Station  |c Sterling C. Evans Library  |d Evans: Library Stacks  |t 0  |e QD478 .C69 1987  |h Library of Congress classification  |i unmediated -- volume  |m A14811487466 
998 f f |a QD478 .C69 1987  |t 0  |l Evans: Library Stacks